Name the Hiphop artist albums - Statistics

General Stats
  • This quiz has been taken 138 times
  • The average score is 5 of 18
Answer Stats
Rapper Albums Albums % Correct
Kanye West College Dropout Late Registration Graduation My Beautiful dark twisted fantasy Yeezus The Life of Pablo Donda
87%
Travis Scott Days before Rodeo Rodeo Birds in the trap sing Mcknight Astroworld Huncho Jack, Jack Huncho Jackboys
64%
Kendrick Lamar Overly Dedicated Section 80 Good kid Maad City To Pimp a Butterfly. DAMN. The Black Panther Album Mr Morale and the bigsteppers
43%
Tyler, The Creator Bastard Goblin Wolf Cherry Bomb Flower Boy Igor Call Me if you get lost
40%
Eminem Slim Shady LP Marshall Mathers LP The Eminem show Encore Relapse Recovery Marshall Mathers LP 2
38%
Asap Rocky Live.Love.ASAP Long.Live.ASAP At.Long.Last.ASAP Testing
33%
Playboi Carti Self Titled Die Lit Whole Lotta Red
28%
Lil Uzi Vert Luv is Rage Lil Uzi Vert vs the world The perfect Luv Tape Luv is Rage 2 Eternal Atake Lil Uzi Vert vs the world 2 Red & White
23%
Jayz Reasonable doubt The blueprint The Blueprint 2 The black album The Blueprint 3 Watch The Throne 4:44
23%
Outkast ATLiens Aquemini Stankonia Speakerboxx/ The Love Below
19%
Future Monster DS2 Self titled HNDRXX The Wizrd High off Life I never liked you
17%
Drake Thank Me Later Take Care Nothing Was the Same If Your Reading This it's too late Views Do Not Disturb Scorpion
17%
Mac Miller K.I.D.S Macadelic Watching Movies with the sound off Faces GO.OD AM Swimming Circles
16%
Migos YRN YRN 2 Culture Culture 2 Culture 3
15%
J Cole Friday Night Lights Cole world: The sideline story Born Sinner 2014 forest hills drive 4 your eyez only KOD The off season
13%
Frank Ocean Nostalgia Ultra Chanel Orange Blond
13%
Kid Cudi a kid named cudi Man on the Moon Man on the Moon 2 Indicud Kids See Ghosts Man on the Moon 3
8%
The Weeknd House of Ballons Trilogy Beauty Behind the madness Starboy My dear melachony After Hours Dawn FM
2%
No matching quizzes found
Score Distribution
Percent of People with Each Score
Percentile by Number Answered
Your Score History
You have not taken this quiz